Memoria de la Exposición Nacional de Ganados, sus industrias y mecanismos correspondientes (Record no. 158049)

MARC details
000 -LEADER
campo de control de longitud fija 00797nam a22001935i 4500
001 - NÚMERO DE CONTROL
campo de control 158049
003 - IDENTIFICADOR DE NÚMERO DE CONTROL
campo de control ES-MaACL
005 - FECHA Y HORA DE LA ÚLTIMA TRANSACCIÓN
campo de control 20230906210955.0
008 - DATOS DE LONGITUD FIJA--INFORMACIÓN GENERAL
campo de control de longitud fija 960603s1882 sp a |||| | spa d
040 ## - FUENTE DE CATALOGACIÓN
Centro catalogador/agencia de origen CYL
Lengua de catalogación spa
Centro/agencia transcriptor CYL
Centro/agencia modificador CCPB
100 0# - ENTRADA PRINCIPAL--NOMBRE DE PERSONA
Nombre de persona López Martínez, Miguel.
9 (RLIN) 227548
245 10 - MENCIÓN DEL TÍTULO
Título Memoria de la Exposición Nacional de Ganados, sus industrias y mecanismos correspondientes
Resto del título : celebrada en Madrid en mayo de 1882 /
Mención de responsabilidad, etc. por Miguel López Martínez.
260 ## - PUBLICACIÓN, DISTRIBUCIÓN, ETC.
Lugar de publicación, distribución, etc. Madrid :
Nombre del editor, distribuidor, etc. [s.n.],
Fecha de publicación, distribución, etc. 1882 (
Fabricante Establecimiento Tipográfico de F. Nozal)
300 ## - DESCRIPCIÓN FÍSICA
Extensión XXXII, 364 p., [1] plan. pleg. :
Otras características físicas il. ;
Dimensiones 23 cm.
650 #4 - PUNTO DE ACCESO ADICIONAL DE MATERIA--TÉRMINO DE MATERIA
Término de materia o nombre geográfico como elemento de entrada Ganadería-
Subdivisión geográfica España.
9 (RLIN) 136165
711 2# - ENTRADA AGREGADA--NOMBRE DE REUNIÓN
Nombre de congreso/reunión o jurisdicción como elemento de entrada Exposición Nacional de Ganados (
Fecha del congreso o de la firma del tratado 1882.
Sede del congreso/Lugar de la reunión Madrid)
9 (RLIN) 135140
852 ## - LOCALIZACIÓN
Ubicación ES-MaACL
Número de control de estantería G-1473
Nota libre -- Enc. hol.
Holdings
Estatus retirado Estado de pérdida Estado de daño No para préstamo Colección Biblioteca de origen Biblioteca actual Ubicación en estantería Fecha de adquisición Total de préstamos Signatura topográfica completa Código de barras Visto por última vez Precio de reemplazo Tipo de ítem Koha
        Libros del s. XIX Biblioteca del Ateneo de Madrid Biblioteca del Ateneo de Madrid Depósito 2 17/01/2008   G-1473 1165413 23/02/2023 23/02/2023 Libro impreso antiguo